| Tag |
First Indicator |
Second Indicator |
Subfields |
| LEADER |
00000cam a2200000 a 4500 |
| 001 |
in00000015720 |
| 005 |
20151007052603.0 |
| 008 |
870323s1987 enk b 00110 eng |
| 010 |
|
|
|a 87010267
|
| 020 |
|
|
|a 0521330777
|
| 035 |
|
|
|a (OCoLC)15521185
|
| 035 |
|
|
|9 AAA8399AM
|
| 040 |
|
|
|a DLC
|c DLC
|d TXA
|d UtOrBLW
|
| 049 |
|
|
|a TXAM
|c [A11485391]
|
| 050 |
0 |
0 |
|a PQ2637.I547
|b Z6 1987
|
| 082 |
0 |
|
|a 843/.914
|2 19
|
| 100 |
1 |
|
|a Britton, Celia.
|
| 245 |
1 |
0 |
|a Claude Simon :
|b writing the visible /
|c Celia Britton.
|
| 264 |
|
1 |
|a Cambridge [Cambridgeshire] ;
|a New York :
|b Cambridge University Press,
|c 1987.
|
| 300 |
|
|
|a vi, 234 pages ;
|c 23 cm.
|
| 336 |
|
|
|a text
|b txt
|2 rdacontent
|
| 337 |
|
|
|a unmediated
|b n
|2 rdamedia
|
| 338 |
|
|
|a volume
|b nc
|2 rdacarrier
|
| 490 |
1 |
|
|a Cambridge studies in French ;
|v 20
|
| 504 |
|
|
|a Bibliography: pages 224-228.
|
| 500 |
|
|
|a Includes index.
|
| 600 |
1 |
0 |
|a Simon, Claude
|x Criticism and interpretation.
|
| 830 |
|
0 |
|a Cambridge studies in French ;
|v 20.
|
| 999 |
|
|
|a MARS
|
| 999 |
f |
f |
|s ceb54454-51a3-3b6c-b037-251b18ce3209
|i 33a81792-3b7b-3839-b4b4-09d68c5f3a62
|t 0
|
| 952 |
f |
f |
|p ric
|a Texas A&M University
|b Rellis Campus
|c Joint Library Facility
|d Remote Storage
|t 0
|e PQ2637.I547 Z6 1987
|h Library of Congress classification
|i unmediated -- volume
|m A14811485391
|
| 998 |
f |
f |
|a PQ2637.I547 Z6 1987
|t 0
|l Remote Storage
|